Statistics for 2022 MLB Guess The Player 3

Click here to take the quiz!

General Stats

  • This quiz has been taken 1,134 times
  • The average score is 6 of 15

Answer Stats

HintPlayer% Correct
Blue Jays player who is the son of a former Rockies OutfielderBo Bichette
77%
In 11 straight season hit 30+ HR with the CardinalsAlbert Pujols
76%
Orioles Second baseman famous for punching Jose Bautista in the face in 2016Rougned Odor
72%
As a young prospect was traded from the White Sox to the Padres for James ShieldsFernando Tatis Jr.
71%
Set MLB record for most HR in one postseason with 10 in 2020Randy Arozarena
64%
Padres Pitcher who in 2021 got mad at MLB The Show for only giving him an “82 Gold”Blake Snell
51%
Australian born Relief Pitcher who plays with the White SoxLiam Hendriks
50%
The only Marlins player who was born in the BahamasJazz Chisholm Jr.
35%
First Rays player to hit 2 HR in a WS gameBrandon Lowe
28%
Athletics pitcher who pitched a No-Hitter against the Red Sox on April 21st, 2018Sean Manaea
27%
Tigers Infielder born in the NetherlandsJonathan Schoop
26%
Won the 2019 ASG MVPShane Bieber
21%
While on Cleveland in 2014 he led all MLB batters in walks with 113Carlos Santana
16%
Rockies Infielder who hit just .095 in 7 games with the Rockies in 2020Brendan Rodgers
14%
In 2021 became the first player to hit a HR for a team, and then hit a HR against that team in consecutive gamesAbraham Toro
7%

Score Distribution

Percentile by Number Answered

Percent of People with Each Score

Your Score History

You have not taken this quiz